Surveying Vol-1 (Record no. 5303)

MARC details
000 -LEADER
fixed length control field 00320nam a2200145Ia 4500
008 - FIXED-LENGTH DATA ELEMENTS--GENERAL INFORMATION
fixed length control field 191201s2012 xx 000 0 und d
082 ## - DEWEY DECIMAL CLASSIFICATION NUMBER
Classification number 526.9
Item number DUS
100 ## - MAIN ENTRY--PERSONAL NAME
Personal name DUGGAL, S.K
245 #0 - TITLE STATEMENT
Title Surveying Vol-1
250 ## - EDITION STATEMENT
Edition statement Rep
260 ## - PUBLICATION, DISTRIBUTION, ETC. (IMPRINT)
Place of publication, distribution, etc N. Delhi
Name of publisher, distributor, etc TMH
Date of publication, distribution, etc 2012
300 ## - PHYSICAL DESCRIPTION
Extent 612
650 ## - SUBJECT ADDED ENTRY--TOPICAL TERM
Topical term or geographic name as entry element B.Tech(CE)
942 ## - ADDED ENTRY ELEMENTS (KOHA)
Source of classification or shelving scheme Dewey Decimal Classification
Koha item type Text Books
Holdings
Withdrawn status Lost status Source of classification or shelving scheme Damaged status Not for loan Collection code Home library Current library Date acquired Source of acquisition Cost, normal purchase price Serial Enumeration / chronologySerial Enumeration / Volume No. Bill Number Total Checkouts Full call number Acc. no. / Barcode Date last seen Bill Date Koha item type Date last borrowed
    Dewey Decimal Classification     B.Tech(CE) PIET C-LIBRARY PIET C-LIBRARY 07/07/2012 IBH, New Delhi 365.00 1 4873   526.9 DUS 19685 04/12/2019 03/07/2012 Text Books  
    Dewey Decimal Classification     B.Tech(CE) PIET C-LIBRARY PIET C-LIBRARY 07/07/2012 IBH, New Delhi 365.00 1 4873 1 526.9 DUS 19686 01/03/2021 03/07/2012 Text Books 20/02/2021
    Dewey Decimal Classification     B.Tech(CE) PIET C-LIBRARY PIET C-LIBRARY 07/07/2012 IBH, New Delhi 365.00 1 4873   526.9 DUS 19687 04/12/2019 03/07/2012 Text Books  
    Dewey Decimal Classification     B.Tech(CE) PIET C-LIBRARY PIET C-LIBRARY 07/07/2012 IBH, New Delhi 365.00 1 4873 1 526.9 DUS 19688 08/03/2021 03/07/2012 Text Books 22/02/2021
    Dewey Decimal Classification     B.Tech(CE) PIET C-LIBRARY PIET C-LIBRARY 07/07/2012 IBH, New Delhi 365.00 1 4873   526.9 DUS 19689 04/12/2019 03/07/2012 Text Books  

Design & Developed by: PIET Central Library
R70 Miles Stone Pattikalyana Samalkha Panipat 132102
mail ID :- [email protected], Phone No:- 0180-2569700 Ex.216